The Indian Stamp Act / (Record no. 195599)

MARC details
000 -LEADER
fixed length control field 00778nam a22002297a 4500
005 - DATE AND TIME OF LATEST TRANSACTION
control field 20230406162114.0
010 ## - LCCN (DPL NO)
LC control number ENG-136632
020 ## - INTERNATIONAL STANDARD BOOK NUMBER
Terms of availability 2995.00
International Standard Book Number 9788131251591
035 ## - SYSTEM CONTROL NUMBER
System control number EN-120164
037 ## - SOURCE OF ACQUISITION
Source of stock number/acquisition DBAD/PUB
082 ## - DEWEY DECIMAL CLASSIFICATION NUMBER
Classification number 340
Edition number 12th
100 ## - MAIN ENTRY--PERSONAL NAME
Personal name Krishnamurthy, K
245 00 - TITLE STATEMENT
Title The Indian Stamp Act /
Statement of responsibility, etc By K Krishnamurthy ;M.R Hariharan Nair And Boris Paul
250 ## - EDITION STATEMENT
Edition statement 12th edition
260 ## - PUBLICATION, DISTRIBUTION, ETC. (IMPRINT)
Place of publication, distribution, etc Gurgaon
Name of publisher, distributor, etc LexisNexis
Date of publication, distribution, etc 2017
270 ## - ADDRESS
Address 14th floor, Building No 10, Tower-B, DLF Cyber City, Phase-II ,
City Gurgaon
Postal code 122002
Telephone number 91-124-4774444
Fax number +91-124-4774100
Electronic mail address help.in@lexisnexis.com
300 ## - PHYSICAL DESCRIPTION
Extent clxxxvii,2236p.;
Dimensions 25cm(hbk)
500 ## - GENERAL NOTE
General note Includes index
700 ## - ADDED ENTRY--PERSONAL NAME
Personal name Nair, M.R Hariharan
700 ## - ADDED ENTRY--PERSONAL NAME
Personal name Paul, Boris
942 ## - ADDED ENTRY ELEMENTS (KOHA)
Source of classification or shelving scheme Dewey Decimal Classification
Item type English Books
Call number suffix KRI
Classification part 340
Holdings
Withdrawn status Lost status Not for loan Collection code Home library Current library Date acquired Source of acquisition Cost, normal purchase price Full call number Barcode Copy number Cost, replacement price Koha item type
      Reference Central Library Central Library 06/04/2023 DBAD/PUB 2995.00 340 KRI EN-120164 1 2995.00 English Books

© Delhi Public Library
Hit Counter
free hit counter